|
|
|
|
| LEADER |
00000cas a2200000 a 4500 |
| 005 |
20111003145513.0 |
| 007 |
cr ||||||||||| |
| 008 |
030520c19219999xxu|||||s ||| 0 ||eng|c |
| 022 |
|
|
|a 1564-913X
|y 0020-7780
|
| 035 |
|
|
|a 3658
|
| 040 |
|
|
|d vLex
|
| 090 |
|
|
|c 2599
|d 2599
|
| 245 |
0 |
0 |
|a International labour review
|h [Recurso electrn̤ico]
|
| 246 |
3 |
|
|a International labor review
|
| 256 |
|
|
|a Servicio en ln̕ea.
|
| 260 |
|
|
|a Geneva :
|b International Labour Office,
|c 1921-
|
| 300 |
|
|
|a 1 recurso electrn̤ico
|
| 310 |
|
|
|a Bimestral
|
| 500 |
|
|
|a Descripcin̤ realizada a partir de: Vol. 124, no. 1, (Jan/Feb 1985)
|
| 506 |
1 |
|
|a Contenido solo disponible en los productos indicados
|d vLex Global
|d vLex Global (Academic Edition, excluding Law Schools)
|d vLex Global (U.S. Academic Edition, excluding Law Schools)
|
| 530 |
|
|
|a Editada tambiň en castellano con el tt̕ulo: Revista internacional del trabajo; y en francš con el tt̕ulo: Revue internationale du travail
|
| 650 |
0 |
4 |
|a Trabajo
|x Revistas
|
| 710 |
2 |
|
|a Oficina Internacional del Trabajo
|
| 740 |
0 |
|
|a Revista internacional del trabajo
|
| 740 |
0 |
|
|a Revue internationale du travail
|
| 740 |
0 |
|
|a vLex Revistas (Servicio en ln̕ea)
|
| 856 |
|
|
|z Acceso restringido
|u http://vlex.com/source/international-labour-review-3658
|
| 942 |
|
|
|c REV
|